02249cam a2200349 a 450000500170000000800410001702000180005804000350007604100080011104400070011908200210012624501610014725000110030826000660031930001090038550400420049450505580053665000480109465000390114265000370118165000460121865000450126465000470130965000310135665000310138770000420141870000380146094200180149899900170151695201890153395201770172220160316020002.0130225s2011 ck abdo r 000 0 spa d a9789588353319 aCO-BoPUJcCO-BoIAVHdCO-BoIAVH0 aspa ack04a333.709861bU86b00aBiodiversidad del departamento de Casanarebidentificación de ecosistemas estratégicosceditores José Saulo Usma Oviedo & Fernando Trujillo González a1a ed. aCasanare (Colombia):bGobernación de Casanare;bWWF;c2011. a286 páginas :bilustraciones, diagramas, fotos, gráficas, mapas y tablas (algunas a color) ;c30 cm. aIncluye referencias bibliográficas.0 aPeces del Casanare. Anfibios del Casanare. Reptiles del Casanare. Mamíferos del Casanare. Diversidad cultural del departamento del Casanare. La conservación es pervivencia para los pueblos indígenas de Caño Mochuelo. La conservación privada del departamento del Casanare. Biodiversidad en las sabanas pluviales de Orocué, Casanare. Educación ambiental en Casanare: retos y oportunidades para el manejo de recursos naturales en el Piedemonte y la zona Andina. La educación ambiental como herramienta en la conservación de la Orinoquia.14aDiversidad biológicazCasanare (Colombia) 4aBiodiversidadzCasanare (Colombia)24aEcosistemaszCasanare (Colombia)24aEconomía ambientalzCasanare (Colombia)24aGestión ambientalzCasanare (Colombia)24aEducación ambientalzCasanare (Colombia)24aFaunazCasanare (Colombia)24aFlorazCasanare (Colombia)1 aTrujillo González, FernandoeEditor1 aUsma Oviedo, José SauloeEditor 2ddccLIBRO01 c17791d17791 00102ddc40708GENERALIINV2017aBogotabBogotad2015-09-18eInstitutog39000.00l1oLB-333.709861 U86bp035209r2016-03-15 00:00:00s2016-03-15tEj. 1w2015-09-18xDonaciónyLIBRO 00102ddc40728GENERALIINV2017aVenadobVenadod2015-09-22eInstitutog39000.00l0oLB-333.709861 U86bp035218r2015-09-22 00:00:00tEj. 2w2015-09-22xDonaciónyLIBRO